000 00521nam a22002057a 4500
005 20251108165323.0
008 250721s1992 xx 000 0 eng d
020 _a679911073
082 1 4 _aJ/F/SHE
100 1 _ashea, george
_eAUTH.
245 1 0 _aAmazing Rescues /
264 1 _anew york :
_brandom house,
_c1992.
300 _a48 P.
650 1 7 _aFICTION
650 1 7 _aCHILDREN
650 1 7 _aLEARNING
653 _aاطفال مرحله متوسطه ( 6 - 9 سنوات )
942 _2ddc
_cBK
999 _c24999
_d24999